Sistemas y procedimientos contables
Պահպանված է:
| Հիմնական հեղինակ: | |
|---|---|
| Ձևաչափ: | Գիրք |
| Լեզու: | իսպաներեն |
| Հրապարակվել է: |
Caracas
McGraw-Hill Interamericana de Venezuela S. A
1996
|
| Խորագրեր: | |
| Ցուցիչներ: |
Ավելացրեք ցուցիչ
Չկան պիտակներ, Եղեք առաջինը, ով նշում է այս գրառումը!
|
MARC
| LEADER | 00000cam a2200000 a 4500 | ||
|---|---|---|---|
| 001 | UCF7837 | ||
| 003 | CL-VaPUC | ||
| 008 | 130711e19960000VE |||||||||||||||||spa|d | ||
| 020 | |a 9806168356 | ||
| 082 | 0 | 4 | |a 657 |b CAT |2 21 |
| 100 | 0 | |a Catacora Carpio, Fernando |e author |9 569943 | |
| 245 | 1 | 0 | |a Sistemas y procedimientos contables |
| 300 | |a 388 p | ||
| 942 | |c BK | ||
| 945 | |d 20130711 00:00:00 |a dcastane | ||
| 260 | |a Caracas |b McGraw-Hill Interamericana de Venezuela S. A |c 1996 | ||
| 650 | 0 | |a Contabilidad |9 261430 | |
| 650 | 7 | |a ESTADOS FINANCIEROS |2 CL-VaPUC |9 569944 | |
| 650 | 0 | |a Sistemas contables |9 386031 | |
| 583 | |a last modification |c 20130711 11:26:00 |k Rodrigo Vera | ||
| 999 | |c 352591 |d 352589 | ||
| 952 | |0 0 |1 0 |4 0 |6 657_000000000000000_CAT_1996 |7 0 |8 A |9 457169 |a BIBGIM |b BIBGIM |d 2019-11-22 |i 4985133 |l 1 |o 657 CAT 1996 |p 4985133 |r 2025-01-15 |s 2023-06-14 |w 2019-11-22 |y BK |k GIM | ||